WWE Finisher: Hard Mode #2 - Statistics

General Stats
  • This quiz has been taken 61 times
  • The average score is 17 of 32
Answer Stats
Finisher Wrestler % Correct
RKO Randy Orton
100%
Stunner Steve Austin / Kevin Owens
96%
Ankle Lock Kurt Angle / Ken Shamrock
89%
Pop-Up Powerbomb Kevin Owens
87%
Mandible Claw Mick Foley / Bray Wyatt
83%
Five Star Frog Splash Rob Van Dam
83%
Skull Crushing Finale The Miz
81%
Swanton Bomb Jeff Hardy
80%
Acid Drop Little Spike Dudley
80%
Coast To Coast Shane McMahon
80%
Glasgow Kiss Drew Mcintyre
76%
The Cobra Santino Marella
76%
Killswitch / Unprettier Christian
67%
3-D Dudley Boyz / The Usos
65%
Guillotine Choke (Submission) Roman Reigns / Daniel Bryan
56%
Saxtonation Bryon Saxton
54%
Liontamer (Submission) Chris Jericho
54%
Full Nelson (Submission) Bobby Lashley
52%
Powerbomb Gunther
37%
Hammerlock DDT Andrade
33%
Prism Trap (Submission) Rhea Ripley
30%
Brainbuster (Old Finisher) Sami Zayn
30%
Last Shot Adam Cole
28%
Eat Defeat 'Michin' Mia Yim
26%
Stretch Muffler (Old Finisher) Brock Lesnar
22%
One Final Beat Johnny Gargano
22%
Whippersnapper (ECW Finisher) Mikey Whipwreck
20%
Diving Senton Akira Tozawa
17%
Dominator Farooq
17%
Diving Crossbody Ricky 'The Dragon' Steamboat
13%
STO Shad Gaspard
13%
Rock Bottom (Modified Version, not The Rock) Eugene
9%
No matching quizzes found
Score Distribution
Percent of People with Each Score
Percentile by Number Answered
Your Score History
You have not taken this quiz